000 00607nam a22002417a 4500
003 UA-OsUOA
001 30566
007 ta
008 20041111b un ||||| |||| 00| 0 ukr d
100 _aСмирнов А.А.
090 _a82(460)"653"
_bС50
942 _cBK
040 _aUA-OsUOA
_brus
_cUA-OsUOA
_dUA-OsUOA
245 _aСредневековая литература Испании
300 _a212 с.
955 _a0
041 _arus
080 _a82(460)"653"
260 _aЛенинград
_bНаука
_c1969
044 _aRU
650 7 _2UDC
999 _c316979
_d316979